[Event "OI Bled w01/01/01"]
[Site "?"]
[Date "2002.10.26"]
[Round "1.1"]
[White "Titova-Boric (BIH), E."]
[Black "Zhu (CHN), C."]
[Result "0-1"]
[WhiteElo "2235"]
[BlackElo "2509"]
[PlyCount "132"]
[EventDate "1996.??.??"]

1. e4 c5 2. Nf3 d6 3. d4 cxd4 4. Qxd4 a6 5. Be3 Nc6 6. Qb6 Qxb6 7. Bxb6 Bg4 8.
Nc3 e6 9. O-O-O Be7 10. Bc7 Kd7 11. Bb6 Nf6 12. Be2 Kc8 13. h3 Bh5 14. Rhe1 Bg6
15. Bf1 Nd7 16. Be3 b5 17. Nd4 Kb7 18. Nxc6 Kxc6 19. Bf4 Ne5 20. Ne2 Rac8 21.
Nd4+ Kb7 22. Bh2 Nc6 23. f4 Nxd4 24. Rxd4 f6 25. Rd2 Bf7 26. a3 e5 27. g3 Be8
28. Kb1 Rc7 29. Bg1 Bd7 30. Red1 Bc6 31. Re1 Rhc8 32. Bd3 Bd7 33. Bf1 Be6 34.
Bf2 Rc6 35. f5 Bf7 36. g4 h5 37. Be3 hxg4 38. hxg4 Rh8 39. Bd3 g5 40. fxg6 Bxg6
41. Rg1 Rh4 42. Bf2 Rh3 43. Bg3 Rc8 44. b3 Bf7 45. Bf1 Rh7 46. Be2 Be6 47. Bf3
Rc3 48. Be2 Rh3 49. Bf2 Rc8 50. Kb2 Rg8 51. Rdd1 Rh2 52. Rdf1 d5 53. exd5 Bxd5
54. Bd1 Bc6 55. Be3 Rh3 56. Bd2 Bc5 57. Bc3 Rd8 58. g5 Rxc3 59. Kxc3 Bd4+ 60.
Kd2 Bxg1+ 61. Ke1 Bc5 62. Rxf6 Bxa3 63. Bg4 Bb4+ 64. Kf1 Rf8 65. Ke2 Rxf6 66.
gxf6 Bf8 0-1

[Event "OI Bled w01/01/02"]
[Site "?"]
[Date "2002.10.26"]
[Round "1.1"]
[White "Wang (CHN), Pin"]
[Black "Dengler (BIH), Dijana"]
[Result "1-0"]
[WhiteElo "2107"]
[BlackElo "2473"]
[PlyCount "81"]
[EventDate "2002.??.??"]

1. e4 c5 2. Nf3 d6 3. d4 cxd4 4. Nxd4 Nf6 5. Nc3 a6 6. Be3 e5 7. Nb3 Be7 8. f3
Be6 9. Qd2 Nbd7 10. g4 h6 11. O-O-O Qc7 12. Kb1 O-O-O 13. Qf2 Kb8 14. h4 Rc8
15. Bh3 Bd8 16. Qd2 Ne8 17. Bf2 Qc6 18. Nd5 Nc5 19. c4 Qa4 20. Qc3 Nd7 21. Qe3
Nc5 22. Rc1 b6 23. Rc3 Qd7 24. Rd1 h5 25. Nxc5 dxc5 26. Qe2 Qb7 27. Bg3 f6 28.
Rcd3 Ka7 29. Qg2 Nc7 30. gxh5 Rxh5 31. Nxc7 Bxh3 32. Qxh3 Bxc7 33. Qg4 Rhh8 34.
Rd7 Kb8 35. Rxg7 b5 36. cxb5 axb5 37. Qe6 Qb6 38. Qxb6+ Bxb6 39. Rdd7 Ka8 40.
Rd6 Bd8 41. f4 1-0

[Event "OI Bled w01/01/03"]
[Site "?"]
[Date "2002.10.26"]
[Round "1.1"]
[White "Dimovski (BIH), Aleksandra"]
[Black "Zhao (CHN), Xue"]
[Result "0-1"]
[WhiteElo "2100"]
[BlackElo "2367"]
[PlyCount "50"]
[EventDate "2002.??.??"]

1. e4 c5 2. Nf3 d6 3. d4 cxd4 4. Nxd4 Nf6 5. Nc3 a6 6. Nb3 e6 7. Bd3 Be7 8. O-O
Nbd7 9. f4 b5 10. Qe2 Qc7 11. Bd2 Bb7 12. Nd1 Nc5 13. Nf2 d5 14. e5 Nfe4 15.
Ba5 Qc8 16. Nd4 O-O 17. Ng4 Kh8 18. Rf3 f5 19. exf6 gxf6 20. Rh3 Nxd3 21. Qxd3
Bc5 22. Ne3 e5 23. fxe5 fxe5 24. Nf3 Qxh3 25. gxh3 Rxf3 0-1

[Event "Bled 2002"]
[Site "Bled"]
[Date "2002.11.27"]
[Round "2"]
[White "Romero Holmes Alfonso"]
[Black "Zhang Zhong"]
[Result "1/2-1/2"]
[WhiteElo "2524"]
[BlackElo "2620"]
[PlyCount "91"]

1. c4 f5 2. g3 Nf6 3. Bg2 e5 4. d4 e4 5. Nc3 Bb4 6. Bd2 a5 7. Nh3 Nc6 8. d5 Ne5
9. b3 d6 10. O-O Bd7 11. Qc1 O-O 12. Be3 Qe7 13. Rd1 h6 14. a3 Bc5 15. Bxc5
dxc5 16. f4 Neg4 17. e3 a4 18. Rb1 axb3 19. Rxb3 Rfb8 20. Nf2 Nxf2 21. Kxf2 Ba4
22. Nxa4 Rxa4 23. Bh3 Qf7 24. Bxf5 Qh5 25. Be6+ Kh8 26. Kg1 Rxc4 27. Qd2 Ra4
28. Rc1 c4 29. d6 cxd6 30. Rxc4 Rxc4 31. Bxc4 Rc8 32. Be2 Qc5 33. Rb4 Qc2 34.
Rb2 Qc3 35. Qxc3 Rxc3 36. Kf2 Rxa3 37. Rxb7 Nd5 38. Bh5 g6 39. Bxg6 Rxe3 40.
Kg2 Nc3 41. f5 Rf3 42. Rd7 d5 43. Rh7+ Kg8 44. Rd7 Kh8 45. Rh7+ Kg8 46. Rd7
1/2-1/2

[Event "Bled 2002"]
[Site "Bled"]
[Date "2002.11.27"]
[Round "2"]
[White "Bu Xiangzhi"]
[Black "Magem Badals Jordi"]
[Result "1-0"]
[WhiteElo "2601"]
[BlackElo "2506"]
[PlyCount "139"]

1. c4 c5 2. Nf3 Nf6 3. g3 d5 4. Bg2 Nc6 5. cxd5 Nxd5 6. d4 Nb6 7. dxc5 Qxd1+ 8.
Kxd1 Na4 9. Nc3 Nxc3+ 10. bxc3 e5 11. Be3 Be6 12. Kc1 O-O-O 13. Nd2 Be7 14. Rd1
Kc7 15. f4 f6 16. Be4 Bd5 17. Kc2 Bxe4+ 18. Nxe4 f5 19. Nd2 e4 20. Nc4 Rxd1 21.
Rxd1 Rd8 22. Bd4 g6 23. h3 h5 24. Ne3 Kc8 25. g4 fxg4 26. hxg4 hxg4 27. Nxg4
Rf8 28. Be3 Rf5 29. Nf2 g5 30. fxg5 Bxg5 31. Nxe4 Re5 32. Nd6+ Kc7 33. Nb5+ Kc8
34. Bxg5 Rxg5 35. Rh1 Rxc5 36. Rh8+ Kd7 37. Rh7+ Ne7 38. a4 a6 39. Nd4 Re5 40.
Kd3 Ke8 41. e4 Ra5 42. Nb3 Rxa4 43. Nc5 Ra1 44. Nxb7 Rd1+ 45. Kc4 Nc6 46. Rh5
Kf7 47. Kc5 Ne7 48. Nd6+ Kg6 49. Rh2 Ra1 50. c4 Kf6 51. Rh6+ Kg7 52. Re6 Ng6
53. Kc6 a5 54. Kb7 a4 55. Nf5+ Kh7 56. Ra6 Ne5 57. c5 Nd3 58. Rh6+ Kg8 59. c6
Rb1+ 60. Ka7 Rc1 61. Kb8 Rb1+ 62. Ka8 Rc1 63. Kb8 Rb1+ 64. Ka7 Rc1 65. Kb6 a3
66. c7 Ne5 67. Rh1 Rc3 68. c8=Q+ Rxc8 69. Ne7+ Kf7 70. Nxc8 1-0

[Site "Bled"]
[Date "2002.11.27"]
[Round "2"]
[White "Arizmendi Julen"]
[Black "Ni Hua"]
[Result "1-0"]
[WhiteElo "2510"]
[BlackElo "2545"]
[PlyCount "61"]

1. e4 c5 2. Nf3 d6 3. d4 cxd4 4. Nxd4 Nf6 5. Nc3 a6 6. f3 e5 7. Nb3 Be6 8. Be3
Nbd7 9. g4 b5 10. g5 b4 11. Ne2 Nh5 12. Qd2 Be7 13. Ng3 Nf4 14. h4 h6 15. Bxf4
exf4 16. Nh5 Bxb3 17. axb3 g6 18. Nxf4 hxg5 19. Nd5 g4 20. Bb5 gxf3 21. Bxd7+
Qxd7 22. O-O-O Rxh4 23. Rxh4 Bxh4 24. Qf4 Qd8 25. Qxf3 Kf8 26. Kb1 Kg7 27. Rf1
Ra7 28. Rh1 Bg5 29. Qh3 Qg8 30. Qg3 Be7 31. Qe3 1-0

[Event "Bled 2002"]
[Site "Bled"]
[Date "2002.11.27"]
[Round "2"]
[White "Xu Jun"]
[Black "Vallejo Pons Francisco"]
[Result "1/2-1/2"]
[WhiteElo "2643"]
[BlackElo "2635"]
[PlyCount "77"]

1. d4 d5 2. c4 e6 3. Nf3 Nf6 4. g3 dxc4 5. Qa4+ Nbd7 6. Bg2 a6 7. Nc3 Be7 8.
Ne5 Rb8 9. Qxc4 b5 10. Qb3 Nxe5 11. dxe5 Nd7 12. O-O O-O 13. Rd1 Bb7 14. Bxb7
Rxb7 15. Ne4 Qc8 16. Bf4 Nc5 17. Nxc5 Bxc5 18. Rac1 Be7 19. Rc6 Rb6 20. Qc2
Rxc6 21. Qxc6 Rd8 22. Rc1 Rd7 23. Be3 g6 24. Bh6 Bf8 25. Be3 h5 26. h4 Bg7 27.
f4 Bf8 28. a3 b4 29. a4 a5 30. Kf2 Qd8 31. b3 Be7 32. Kg2 Rd1 33. Qxc7 Qd5+ 34.
Kf2 Rxc1 35. Bxc1 Bc5+ 36. e3 Kg7 37. Qc8 Kh7 38. Qc7 Kg8 39. Qc8+ 1/2-1/2

[Event "Olympiad w"]
[Site "Bled SLO"]
[Date "2002.10.27"]
[Round "2"]
[White "Tetenkina,I"]
[Black "Wang Pin"]
[Result "1/2-1/2"]
[WhiteElo "2251"]
[BlackElo "2473"]
[EventDate "2002.10.26"]

1. Nf3 Nf6 2. c4 g6 3. g3 Bg7 4. Bg2 O-O 5. O-O d6 6. d4 Nc6 7. Nc3 a6 8.
b3 Rb8 9. Nd5 Bg4 10. Bb2 Re8 11. Ne3 Bd7 12. d5 Na7 13. Nd4 c5 14. dxc6
Nxc6 15. Qd2 Nxd4 16. Bxd4 Bc6 17. Qb2 Bxg2 18. Kxg2 b5 19. cxb5 axb5 20.
Nd5 e5 21. Nxf6+ Bxf6 22. Be3 d5 23. Bc5 d4 24. b4 Qd5+ 25. Kg1 Ra8 26. Qb3
Qxb3 27. axb3 Rxa1 28. Rxa1 e4 29. Ra6 Be5 30. Kf1 d3 31. exd3 exd3 32. Be3
Bd4 33. Bh6 g5 34. Bxg5 Re2 35. Be3 Bxe3 36. fxe3 Rxh2 37. Ke1 Re2+ 38. Kd1
Rxe3 39. Rb6 Rxg3 40. Rxb5 d2 41. Kxd2 Rxb3 42. Rb8+ Kg7 43. b5 h5 44. Ke2
h4 45. Kf2 h3 46. Kg1 Rb2 47. b6 f6 48. b7 f5 49. Rc8 Rxb7 50. Rc3 Rb2 51.
Rxh3 Kf6 52. Rh4 Kg5 53. Ra4 f4 54. Kf1 Kg4 55. Ra3 Rd2 56. Ke1 Rg2 57. Kf1
Rg3 58. Ra2 Rh3 59. Ra4 Rb3 60. Ra2 Kg3 61. Rg2+ Kf3 62. Rf2+ Ke4 63. Ra2
Rf3+ 64. Kg2 Rd3 65. Kf2 Rd1 66. Re2+ Kf5 67. Re8 Rd2+ 68. Kf3 Rd3+ 69. Kf2
Rd2+ 70. Kf3 Rd3+ 1/2-1/2

[Event "Olympiad w"]
[Site "Bled SLO"]
[Date "2002.10.27"]
[Round "2"]
[White "Zhao Xue"]
[Black "Popova,N"]
[Result "1-0"]
[WhiteElo "2367"]
[BlackElo "2247"]
[EventDate "2002.10.26"]

1. d4 Nf6 2. c4 g6 3. Nc3 d5 4. Bf4 Bg7 5. e3 O-O 6. cxd5 Nxd5 7. Nxd5 Qxd5
8. Bxc7 Nc6 9. Ne2 Bg4 10. f3 Bc8 11. Nc3 Qd7 12. Bf4 Rd8 13. Be2 e5 14.
dxe5 Qe8 15. Qa4 Bd7 16. O-O Nxe5 17. Qc2 Bc6 18. Rad1 Qe6 19. Rxd8+ Rxd8
20. Rd1 Rxd1+ 21. Qxd1 h6 22. Kf2 Nc4 23. b3 Nb6 24. Nb5 Nd5 25. Nc7 Nxc7
26. Bxc7 Kh7 27. Bc4 Qf6 28. Qd2 h5 29. a4 Qh4+ 30. Kf1 Qf6 31. h3 Qa1+ 32.
Kf2 Bc3 33. Qe2 Kg7 34. Qf1 Qb2+ 35. Kg1 h4 36. Qd1 Bd2 37. Be5+ Qxe5 38.
Qxd2 Qg5 39. Kf1 Kg8 40. Qd6 a6 41. Kf2 Kg7 42. e4 Kg8 43. e5 Kg7 44. Qd4
Kf8 45. Qe3 Qxe3+ 46. Kxe3 Ke7 47. Kd4 g5 48. Bd5 Bd7 49. a5 Bc8 50. Kc5 f5
51. Kb6 f4 52. Bxb7 Be6 53. b4 Bc4 54. Bxa6 Bd5 55. Bb7 1-0

[Event "Bled 2002"]
[Site "Bled"]
[Date "2002.11.28"]
[Round "3"]
[White "Xu Jun"]
[Black "Soln Primoz"]
[Result "1-0"]
[WhiteElo "2643"]
[BlackElo "2405"]
[PlyCount "55"]
[EventDate "2002.??.??"]

1. d4 d5 2. Nf3 c6 3. c4 e6 4. Qc2 Nf6 5. Bg5 h6 6. Bh4 Qa5+ 7. Nfd2 Ne4 8. e3
c5 9. dxc5 Nc6 10. Be2 Nb4 11. Qd1 g5 12. Bg3 Bg7 13. Nxe4 Nd3+ 14. Kf1 dxe4
15. Nd2 Nxb2 16. Qc2 Na4 17. Rc1 f5 18. Nb3 Qa6 19. Bh5+ Kf8 20. Qd2 Bf6 21.
Be5 Kg7 22. Qd4 Rf8 23. Bxf6+ Rxf6 24. Be8 b6 25. Qd6 Qb7 26. Bxa4 f4 27. exf4
e3 28. Bc6 1-0

[Event "Bled 2002"]
[Site "Bled"]
[Date "2002.11.28"]
[Round "3"]
[White "Jelen Igor"]
[Black "Zhang Zhong"]
[Result "0-1"]
[WhiteElo "2362"]
[BlackElo "2620"]
[PlyCount "54"]
[EventDate "2002.??.??"]

1. d4 f5 2. c4 Nf6 3. g3 g6 4. Bg2 Bg7 5. Nf3 O-O 6. O-O d6 7. Nc3 Qe8 8. d5 a5
9. Be3 h6 10. Nb5 Na6 11. Qd2 c6 12. dxc6 bxc6 13. Qxa5 Bd7 14. Na7 c5 15. Qxa6
Qb8 16. Qa5 Rxa7 17. Qd2 Ne4 18. Qd5+ e6 19. Qd3 Qxb2 20. Rab1 Qxa2 21. Rb3 Ba4
22. Ra3 Qb2 23. Bc1 Qb4 24. Nd2 Nc3 25. Bc6 Bc2 26. Qxc2 Rxa3 27. Bxa3 Nxe2+
0-1

[Event "Bled 2002"]
[Site "Bled"]
[Date "2002.11.28"]
[Round "3"]
[White "Bu Xiangzhi"]
[Black "Barle Janez"]
[Result "1-0"]
[WhiteElo "2601"]
[BlackElo "2350"]
[PlyCount "47"]
[EventDate "2002.??.??"]

1. d4 e6 2. c4 b6 3. a3 c5 4. d5 exd5 5. cxd5 Ba6 6. g3 d6 7. Bg2 g6 8. Nc3 Bg7
9. Bf4 Nf6 10. Qa4+ Ke7 11. Nf3 Re8 12. O-O Qd7 13. Qc2 Kf8 14. Ng5 Qc7 15.
Nce4 Nxe4 16. Nxe4 Rd8 17. Bg5 Re8 18. Nf6 Rxe2 19. Qa4 Bxf6 20. Bxf6 c4 21.
Rfe1 Qd7 22. Qb4 Rxe1+ 23. Rxe1 b5 24. Qd2 1-0

[Event "Bled 2002"]
[Site "Bled"]
[Date "2002.11.28"]
[Round "3"]
[White "Tratar Marko"]
[Black "Ye Jiangchuan"]
[Result "0-1"]
[WhiteElo "2471"]
[BlackElo "2667"]
[PlyCount "72"]
[EventDate "2002.??.??"]

1. d4 Nf6 2. Nf3 g6 3. c4 Bg7 4. Nc3 O-O 5. e4 d6 6. Be2 e5 7. O-O Nc6 8. d5
Ne7 9. Nd2 a5 10. a3 Nd7 11. Rb1 f5 12. b4 Kh8 13. f3 axb4 14. axb4 c6 15. Kh1
Nf6 16. Nb3 cxd5 17. cxd5 f4 18. Bd2 g5 19. Be1 Ng6 20. Bf2 h5 21. Ra1 Rxa1 22.
Qxa1 g4 23. Qe1 Bh6 24. Na5 g3 25. Ba7 Rg8 26. Nc4 Ne8 27. Bb6 Qg5 28. Nb5 Bf8
29. Bd3 Bd7 30. Nd2 h4 31. Rg1 h3 32. gxh3 Nh4 33. hxg3 fxg3 34. Be3 g2+ 35.
Kh2 Qh5 36. Qf2 Bxh3 0-1

[Event "Bled 2002"]
[Site "Bled"]
[Date "2002.11.28"]
[Round "3"]
[White "Matveeva Svetlana"]
[Black "Xu Yuhua"]
[Result "1/2-1/2"]
[WhiteElo "2465"]
[BlackElo "2473"]
[PlyCount "87"]
[EventDate "2002.??.??"]

1. d4 Nf6 2. c4 e6 3. Nc3 Bb4 4. Qc2 c5 5. dxc5 O-O 6. a3 Bxc5 7. Nf3 b6 8. Bf4
Nh5 9. Bg3 f5 10. e3 Bb7 11. Be2 Nc6 12. Rd1 Nxg3 13. hxg3 Rf7 14. Nb5 Qf6 15.
Qc3 Qxc3+ 16. Nxc3 h6 17. e4 fxe4 18. Nxe4 Nd4 19. Nxc5 Nxf3+ 20. gxf3 bxc5 21.
Rh5 Rc8 22. f4 Kf8 23. Rd2 Ke7 24. Re5 Ba6 25. Bd3 d6 26. Re3 Kf6 27. Be2 Rd7
28. b3 Rb8 29. Bg4 Re8 30. Kd1 g6 31. Kc2 h5 32. Bh3 Rdd8 33. Kc3 Re7 34. Rde2
Bc8 35. b4 cxb4+ 36. axb4 d5 37. Rd2 Rc7 38. Rd4 Bd7 39. Kb3 Rxc4 40. Rxc4
dxc4+ 41. Kxc4 Rc8+ 42. Kb3 Rb8 43. Re5 Rb5 44. Rxb5 1/2-1/2

[Event "Bled 2002"]
[Site "Bled"]
[Date "2002.10.29"]
[Round "4"]
[White "Graf Alexander"]
[Black "Xu Jun"]
[Result "1-0"]
[WhiteElo "2635"]
[BlackElo "2643"]
[PlyCount "69"]
[EventDate "2002.??.??"]

1. d4 Nf6 2. c4 e6 3. Nc3 Bb4 4. e3 O-O 5. Nge2 d5 6. a3 Be7 7. cxd5 Nxd5 8.
Bd2 Nf6 9. g3 Nbd7 10. Bg2 c6 11. Qc2 e5 12. Rd1 exd4 13. Nxd4 Nb6 14. h3 Nfd5
15. O-O Bf6 16. Nce2 a5 17. e4 Ne7 18. Be3 Nd7 19. f4 Bxd4 20. Nxd4 a4 21. e5
Qa5 22. Nf3 Re8 23. Ng5 Nf8 24. Qf2 Nd5 25. Bc5 Ne6 26. Nxe6 Bxe6 27. f5 Bd7
28. Rde1 Qc7 29. e6 Bc8 30. exf7+ Qxf7 31. Rxe8+ Qxe8 32. Re1 Qd8 33. Bxd5+
cxd5 34. Re7 Qf8 35. Qd4 1-0

[Event "Bled 2002"]
[Site "Bled"]
[Date "2002.10.29"]
[Round "4"]
[White "Zhang Zhong"]
[Black "Dautov Rustem"]
[Result "1-0"]
[WhiteElo "2620"]
[BlackElo "2617"]
[PlyCount "177"]
[EventDate "2002.??.??"]

1. e4 c6 2. d4 d5 3. e5 Bf5 4. Nc3 h5 5. Bd3 Bxd3 6. Qxd3 e6 7. Nf3 Nd7 8. O-O
Be7 9. Ne2 Nh6 10. b3 Nf5 11. Ng3 g6 12. Rd1 h4 13. Nf1 c5 14. c3 cxd4 15. cxd4
Nb8 16. Bb2 Nc6 17. a3 Qb6 18. b4 a6 19. N1d2 Qb5 20. Qc2 a5 21. bxa5 Nxa5 22.
a4 Qc6 23. Qd3 Nc4 24. Nxc4 dxc4 25. d5 exd5 26. Qxd5 Qxd5 27. Rxd5 O-O 28. Rb5
Rfd8 29. Kf1 Rd7 30. Ke2 Ng7 31. g3 hxg3 32. hxg3 Ne6 33. a5 Ra7 34. Rh1 Bd8
35. Bc3 Rd3 36. Rc1 Bxa5 37. Bxa5 Rxf3 38. Bb6 Raa3 39. Be3 Raxe3+ 40. fxe3
Rxg3 41. Rxc4 Rg5 42. Rc8+ Kg7 43. Rb8 Rf5 44. R8xb7 g5 45. Ra5 Kg6 46. Rb1 Ng7
47. Rf1 Ne6 48. Rxf5 Kxf5 49. Kf3 Nf8 50. e4+ Ke6 51. Kg4 Nd7 52. Kxg5 Nxe5 53.
Ra6+ Ke7 54. Kf5 Nd7 55. e5 Ke8 56. Ra7 Ke7 57. Ke4 Ke8 58. Kd5 Nb6+ 59. Kc5
Nc8 60. Rb7 Ne7 61. Kd6 Nf5+ 62. Kd5 Ne7+ 63. Ke4 Kf8 64. Kf4 Ng8 65. Kg5 Ne7
66. Kh6 Nc6 67. Rb5 Nd4 68. Rd5 Nf5+ 69. Kg5 Ne7 70. Rd7 Ng8 71. Rd8+ Kg7 72.
Re8 Kh7 73. Rc8 Kg7 74. Rc7 Kf8 75. Kf4 Ne7 76. Ke4 Ke8 77. Rc1 Kf8 78. Rf1 Kg7
79. Kd4 Ng6 80. Rg1 Kf8 81. Kd5 Ne7+ 82. Kd6 Ke8 83. Rg5 Nc8+ 84. Kc6 Ne7+ 85.
Kc7 Nd5+ 86. Kd6 Ne7 87. Rh5 Ng6 88. Rh6 Kf8 89. Rxg6 1-0

[Event "Bled 2002"]
[Site "Bled"]
[Date "2002.10.29"]
[Round "4"]
[White "Hickl Joerg"]
[Black "Bu Xiangzhi"]
[Result "1/2-1/2"]
[WhiteElo "2605"]
[BlackElo "2601"]
[PlyCount "180"]
[EventDate "2002.??.??"]

1. g3 c5 2. Bg2 g6 3. c4 Bg7 4. Nc3 Nc6 5. a3 a5 6. Nf3 Nf6 7. O-O O-O 8. d3 d6
9. Ne1 Bd7 10. Nc2 Ne8 11. Rb1 Rb8 12. Bd2 Nc7 13. b4 axb4 14. axb4 Nxb4 15.
Nxb4 cxb4 16. Rxb4 b5 17. cxb5 Nxb5 18. Nxb5 Rxb5 19. Rxb5 Bxb5 20. Qb3 Qd7 21.
Rc1 e6 22. h4 h5 23. Bf4 Rd8 24. Bxd6 Qxd6 25. Qxb5 Qe5 26. Qxe5 Bxe5 27. Rc5
Bd6 28. Rc6 Be5 29. Bf1 Kf8 30. e3 Ke7 31. d4 Bd6 32. Kg2 Rb8 33. Rc2 e5 34.
Kf3 f5 35. dxe5 Bxe5 36. Rc6 Kf7 37. Bd3 Kg7 38. Re6 Bf6 39. Ra6 Re8 40. Kf4
Re7 41. Rc6 Rf7 42. Bc4 Ra7 43. Ba6 Re7 44. Bd3 Rf7 45. Kf3 Re7 46. Ke2 Be5 47.
Rb6 Bf6 48. Bc4 Be5 49. Rb5 Bf6 50. Bd5 Be5 51. Kd3 Bf6 52. Ra5 Rd7 53. Ke2 Re7
54. Kf3 Be5 55. Ra6 Rd7 56. Be6 Re7 57. Rc6 Rc7 58. Rb6 Re7 59. Ra6 Kh7 60. Bd5
Kg7 61. e4 fxe4+ 62. Bxe4 Bf6 63. Kf4 Rf7 64. Ke3 Rc7 65. f3 Re7 66. Kf2 Rc7
67. Kg2 Kf7 68. Kh3 Kg7 69. g4 hxg4+ 70. Kxg4 Rc1 71. h5 Rg1+ 72. Kf4 gxh5 73.
Ra7+ Kg8 74. Kf5 Bd4 75. Rd7 Bc3 76. Rc7 Bd4 77. Rc4 Bb2 78. Bd5+ Kh7 79. Rb4
Bc3 80. Rc4 Bg7 81. Bf7 Ra1 82. Bxh5 Kh6 83. Bg4 Ra5+ 84. Ke4 Kg5 85. Bc8 Be5
86. Rc2 Kf6 87. Rc6+ Kg5 88. Rc2 Kf6 89. Bd7 Bd6 90. f4 Ke7 1/2-1/2

[Event "Bled 2002"]
[Site "Bled"]
[Date "2002.10.29"]
[Round "4"]
[White "Radziewicz, Iweta"]
[Black "Zhu, Chen"]
[Result "1-0"]
[WhiteElo "2421"]
[BlackElo "2509"]
[PlyCount "142"]
[EventDate "2002.??.??"]

1. e4 c5 2. Nf3 d6 3. Bb5+ Nd7 4. O-O Ngf6 5. d4 cxd4 6. Qxd4 e5 7. Qd3 h6 8.
c4 Be7 9. Nc3 O-O 10. Bxd7 Bxd7 11. Be3 a6 12. a4 b6 13. Nd2 Ng4 14. Nd5 Nxe3
15. Qxe3 Bg5 16. Qd3 f5 17. exf5 Bxd2 18. Qxd2 Bxf5 19. Rad1 Bg6 20. Qb4 Rb8
21. Rd2 a5 22. Qa3 Rc8 23. Ne3 Rc5 24. Rfd1 Bh5 25. Re1 Be8 26. Qb3 Kh8 27. Qd1
Rc6 28. b3 Qh4 29. Qc2 Bh5 30. Nf5 Qg5 31. Ng3 Bg6 32. Qd1 Qe7 33. Qg4 Kh7 34.
h4 Qf6 35. h5 Be8 36. Qe4+ Kh8 37. Re3 Qg5 38. Red3 Rf4 39. Qe2 Rg4 40. Rxd6
Rxd6 41. Rxd6 Bxh5 42. Qf3 Rh4 43. Nxh5 Rxh5 44. Qa8+ Kh7 45. Qe4+ Kh8 46. Qd3
Qc1+ 47. Qd1 Qxd1+ 48. Rxd1 Rf5 49. Rd5 Rf6 50. Rxe5 Kh7 51. Kf1 g5 52. Rb5 Rc6
53. Ke2 Kg6 54. Ke3 h5 55. Kd4 h4 56. f3 Re6 57. Kd3 Rd6+ 58. Rd5 Rc6 59. Re5
Rd6+ 60. Kc3 Kf6 61. Rb5 Re6 62. Kd3 Rd6+ 63. Ke3 Re6+ 64. Kf2 Rd6 65. Kg1 Kg6
66. Kh2 Re6 67. Rd5 Rf6 68. Kh3 Kh6 69. c5 bxc5 70. Rxc5 Rb6 71. Rb5 Ra6 1-0

[Event "Bled 2002"]
[Site "Bled"]
[Date "2002.10.29"]
[Round "4"]
[White "Xu, Yuhua"]
[Black "Dworakowska, Joanna"]
[Result "1-0"]
[WhiteElo "2473"]
[BlackElo "2389"]
[PlyCount "59"]
[EventDate "2002.??.??"]

1. e4 d6 2. Nf3 Nf6 3. Nc3 e5 4. d4 Nbd7 5. Bc4 Be7 6. O-O O-O 7. Re1 c6 8. a4
b6 9. Ba2 a6 10. Bg5 h6 11. Bh4 Ne8 12. Bxe7 Qxe7 13. Ne2 Bb7 14. Ng3 g6 15.
Qd2 Kh7 16. Rad1 exd4 17. Qxd4 Nc5 18. c3 Rd8 19. Bb1 Bc8 20. e5 Be6 21. Nh5 d5
22. h4 Nd7 23. Ng3 c5 24. Qf4 f5 25. exf6 Rxf6 26. Qe3 Qf7 27. Nh5 Bg4 28.
Nxf6+ Ndxf6 29. Ne5 Qc7 30. Nxg4 1-0

[Event "Bled 2002"]
[Site "Bled"]
[Date "2002.10.29"]
[Round "4"]
[White "Socko, Monika"]
[Black "Zhao, Xue"]
[Result "0-1"]
[WhiteElo "2354"]
[BlackElo "2367"]
[PlyCount "96"]
[EventDate "2002.??.??"]

1. d4 Nf6 2. c4 e6 3. Nc3 Bb4 4. Qc2 c5 5. dxc5 Bxc5 6. Nf3 Qb6 7. e3 Qc7 8.
Bd3 b6 9. O-O a6 10. a3 Be7 11. b3 Bb7 12. Bb2 d6 13. Rad1 Nbd7 14. Ne4 Rc8 15.
Rd2 Qb8 16. Nxf6+ Bxf6 17. Bxf6 Nxf6 18. Rfd1 Bxf3 19. gxf3 Ke7 20. Qb2 g5 21.
Bf1 Rhd8 22. Qd4 a5 23. Bg2 Qc7 24. b4 axb4 25. axb4 e5 26. Qa1 Qxc4 27. Bh3
Rc7 28. Qb1 h6 29. Kh1 g4 30. Bg2 gxf3 31. Bxf3 Qh4 32. Qf5 Rc4 33. b5 e4 34.
Bg2 Rc5 35. Qf4 Qxf4 36. exf4 d5 37. f3 e3 38. Rd4 Kd6 39. Bf1 Rc2 40. Bd3 Rc3
41. Kg2 Kc5 42. Be2 Ra8 43. R4d3 Rxd3 44. Bxd3 Nh5 45. Bb1 Nxf4+ 46. Kg3 Ne2+
47. Kg4 Rg8+ 48. Kf5 Rg1 0-1

[Event "Bled 2002"]
[Site "Bled"]
[Date "2002.10.30"]
[Round "05"]
[White "Bu Xiangzhi"]
[Black "Ibrahimov Rasul"]
[Result "1/2-1/2"]
[WhiteTitle "GM"]
[WhiteElo "2601"]
[WhiteCountry "CHN"]
[BlackTitle "IM"]
[BlackElo "2466"]
[BlackCountry "AZE"]
[Remark "Bled 2002"]
[PresId "0000050093"]

1. Nf3 c5 2. c4 Nf6 3. Nc3 e6 4. g3 b6 5. Bg2 Bb7 6. O-O Be7 7. Re1 d6
8. d4 cxd4 9. Qxd4 O-O 10. e4 Nbd7 11. b3 a6 12. Ba3 Nc5 13. Rad1 Qc8
14. Nd2 Rd8 15. h3 Qc7 16. Bb2 Bf8 17. Qe3 d5 18. cxd5 exd5 19. Nxd5
Nxd5 20. exd5 Bxd5 21. Ne4 Bxe4 22. Bxe4 Nxe4 23. Qxe4 h6 24. Rxd8
Rxd8 25. Kg2 1/2-1/2

[Event "Bled 2002"]
[Site "Bled"]
[Date "2002.10.30"]
[Round "05"]
[White "Guseinov Kadir"]
[Black "Zhang Zhong"]
[Result "1/2-1/2"]
[WhiteTitle "GM"]
[WhiteElo "2513"]
[WhiteCountry "AZE"]
[BlackTitle "GM"]
[BlackElo "2620"]
[BlackCountry "CHN"]
[Remark "Bled 2002"]
[PresId "0000050092"]

1. e4 c5 2. Nf3 d6 3. d4 cxd4 4. Nxd4 Nf6 5. Nc3 a6 6. Bg5 e6 7. f4
Qc7 8. Bxf6 gxf6 9. Qd2 Nc6 10. O-O-O Bd7 11. Be2 h5 12. Kb1 O-O-O 13.
Nxc6 Qxc6 14. Qd4 Be7 15. Rd3 Kb8 16. Rhd1 Rc8 17. Rg3 Qc5 18. Rg7
Qxd4 19. Rxd4 Be8 20. f5 Bf8 21. Rg3 Rc5 22. Rd1 h4 23. Rf3 Be7 24.
Rh3 Bc6 25. g3 b5 26. a3 a5 27. Rd4 Kc7 28. Rxh4 Rxh4 29. gxh4 Bf8 30.
Bh5 Be8 31. Bg4 Re5 32. b4 axb4 33. axb4 Bh6 34. h3 Bc6 35. Bh5 exf5
36. exf5 Rxf5 37. Bxf7 Rf1+ 38. Ka2 f5 39. Nd5+ Kb7 40. Ne7 Bg7 41.
Rxd6 Be4 42. Bd5+ Kc7 43. Rg6 Ra1+ 44. Kb3 Rb1+ 45. Ka2 Ra1+ 46. Kb3
1/2-1/2

[Event "Bled 2002"]
[Site "Bled"]
[Date "2002.10.30"]
[Round "05"]
[White "Maherramzade Javad"]
[Black "Zhang Pengxiang"]
[Result "0-1"]
[WhiteTitle "IM"]
[WhiteElo "2469"]
[WhiteCountry "AZE"]
[BlackTitle "GM"]
[BlackElo "2547"]
[BlackCountry "CHN"]
[Remark "Bled 2002"]
[PresId "0000050094"]

1. Nf3 Nf6 2. c4 c6 3. d4 d5 4. e3 a6 5. Bd3 g6 6. O-O Bg7 7. b3 O-O
8. Bb2 Bf5 9. Nc3 Nbd7 10. Rc1 Re8 11. cxd5 cxd5 12. Ne5 Bxd3 13. Qxd3
e6 14. Na4 Nxe5 15. dxe5 Nd7 16. f4 Bf8 17. Bd4 Rc8 18. Qd2 Qh4 19.
Qa5 Nb8 20. Bc5 Bh6 21. Qb6 g5 22. Qxb7 Qh5 23. fxg5 Bxg5 24. Bd4 Rxc1
25. Rxc1 Qe2 26. Rf1 Bxe3+ 27. Bxe3 Qxe3+ 28. Kh1 Rf8 29. Qc7 Qe2 30.
Kg1 Qe3+ 31. Kh1 Qd3 32. Kg1 Qd4+ 33. Kh1 Qd3 34. Kg1 Qe3+ 35. Kh1 d4
36. h3 d3 37. Nc3 d2 38. Kh2 Qd4 39. Rf3 d1Q 40. Nxd1 Qxd1 41. Qc4 Kh8
42. Qf4 Nd7 43. Qe4 Qc1 44. Qd4 Qc7 45. Re3 Rg8 46. Re4 Rg5 47. Qc4
Qxc4 48. Rxc4 Rxe5 49. Rc7 Rd5 50. Ra7 a5 51. a3 Ne5 52. Rb7 Kg7 53.
b4 axb4 54. axb4 Nc4 55. Rc7 Nd6 0-1

[Event "Bled 2002"]
[Site "Bled"]
[Date "2002.10.31"]
[Round "06"]
[White "Zhang Pengxiang"]
[Black "Gagunashvili Merab"]
[Result "0-1"]
[WhiteTitle "GM"]
[WhiteElo "2547"]
[WhiteCountry "CHN"]
[BlackTitle "IM"]
[BlackElo "2538"]
[BlackCountry "GEO"]
[Remark "Bled 2002"]
[PresId "0000060064"]

1. e4 d6 2. d4 Nf6 3. Nc3 g6 4. Be3 c6 5. h3 Bg7 6. Qd2 O-O 7. Nf3
Nbd7 8. Bd3 e5 9. O-O Re8 10. Rfe1 Qc7 11. Rad1 b5 12. dxe5 Nxe5 13.
Nxe5 dxe5 14. Ne2 a5 15. Ng3 Be6 16. a4 bxa4 17. Ra1 Reb8 18. Rxa4
Rxb2 19. Rea1 Nd7 20. Rxa5 Rxa5 21. Rxa5 Bf8 22. Kh2 Rb8 23. Ra7 Rb7
24. Ra8 Rb8 25. Ra7 Rb7 26. Ra1 c5 27. Be2 Qd6 28. Qc3 c4 29. Ra8 Rb8
30. Ra7 h5 31. Nf1 Qc6 32. f3 Bc5 33. Bxc5 Qxc5 34. Qe3 Qc6 35. Ra3
Qd6 36. Qc3 Qd4 37. Ne3 Rc8 38. Qe1 Nc5 39. Bf1 Nb7 40. Ra5 Nxa5 0-1
*

[Event "Bled 2002"]
[Site "Bled"]
[Date "2002.10.31"]
[Round "06"]
[White "Xu Jun"]
[Black "Sturua Zurab"]
[Result "1/2-1/2"]
[WhiteTitle "GM"]
[WhiteElo "2643"]
[WhiteCountry "CHN"]
[BlackTitle "GM"]
[BlackElo "2536"]
[BlackCountry "GEO"]
[Remark "Bled 2002"]
[PresId "0000060062"]

1. d4 Nf6 2. c4 e6 3. g3 d5 4. Bg2 Bb4+ 5. Bd2 Be7 6. Nf3 O-O 7. O-O
c6 8. Qc2 Nbd7 9. Bf4 Nh5 10. Bc1 Nhf6 11. Nbd2 b6 12. e4 Bb7 13. e5
Ne8 14. Ne1 Nc7 15. Nd3 c5 16. dxc5 Nxc5 17. Nf4 b5 18. b4 Nd7 19.
cxd5 Nxd5 20. Nxd5 Bxd5 21. Bxd5 exd5 22. Nf3 Qc8 23. Qb3 Nb6 24. Rd1
Qc4 25. Be3 Bxb4 26. Rab1 Bc3 27. Qxb5 Qxa2 28. Bxb6 axb6 29. Qxd5
Qxd5 30. Rxd5 Ra5 31. Rd7 Bxe5 1/2-1/2
*
